Responses for Show #2408 - Wednesday, February 8, 1995

1995 Teen Tournament quarterfinal game 3.

Contestants

[<< previous game]

Chuck Truesdell, a senior from Tollesboro, Kentucky

Jim Steichen, a senior from Tulsa, Oklahoma

Erika Brown, a junior from Marietta, Georgia

[next game >>]

Jeopardy! Round responses

AMERICAN INDIANS
SPORTS
ENGLISH GRAMMAR
MOUNTAINS
ASTROLOGY
"TAKE" FIVE
    $100 22
Mexico

Chuck
    $100 12
Nebraska

Chuck
    $100 7
a proper noun

Chuck
    $100 1
the Andes

Erika
    $100 6
Leo

Jim
    $100 21
(Erika: What is take out the laundry?)

take him to the cleaners

Erika
Triple Stumper
    $200 23
the Pilgrims

Chuck
    $200 13
(Erika: What is the high jump?)
...
(Alex: That would be quite some high jump.)

the pole vault

ErikaJim
    $200 14
a pronoun

Chuck
    $200 2
California

Chuck
    $200 8
Venus

Chuck
    $200 27
Take me to your leader

Erika
    $300 24
the Seminole

Chuck
    $300 15
Churchill Downs

Chuck
    $300 17
neuter

Jim
    $300 3
Mount Ararat

Chuck
    $300 9
Virgo

Erika
    $300 28
take home pay

Chuck
    $400 25
(Jim: What is a tomahawk?)

a peace pipe

ErikaJim
    $400 16
the Toronto Blue Jays

Jim
    $400 18
an infinitive

Chuck
    $400 4
the Alps

Erika
    $400 10
Libra

Chuck
    $400 29
give and take

Erika
    $500 26
hogans

Chuck
    $500 19
the Penguins

Chuck
    $500 20
prepositions

Jim
    $500 5
(Erika: What are the Apennines?)

the Pyrenees

Erika
    $500 11
Aries

Chuck
    $500 30
It takes two to tango

Triple Stumper

Scores at the first commercial break (after clue 15):

Erika Jim Chuck
$100 $300 $2,300

Scores at the end of the Jeopardy! Round:

Erika Jim Chuck
$1,000 $1,100 $4,600

Double Jeopardy! Round responses

COUNTRIES OF THE WORLD
THE ROYAL FAMILY
SCIENCE
LIBRARIES
U.S. HISTORY
FICTION
    $200 16
Japan

Erika
    $200 26
(Prince) Charles

Jim
    $200 1
a triangle

Erika
    $200 21
Moscow

Jim
    $200 11
Andrew Jackson

Jim
    $200 3
Becky Thatcher

Jim
    $400 17
Norway

Erika
    $400 27
Fergie

Chuck
    $400 2
the North Star

Jim
    $400 22
Paris

Chuck
    $400 12
Texas

Chuck
    $400 4
Mowgli

Chuck
    $600 18
Germany

Erika
    $600 28
Prince Andrew

Chuck
    $600 6
gastric juice

Erika
    $600 23
Ontario

Chuck
    $600 13
"Mad" Anthony Wayne

Chuck
    $600 5
(Chuck: What is the 18th century?)
(Jim: What is the 19th?)

the 17th century (the 1600s)

ErikaJimChuck
    $800 19
Ireland

Chuck
    $800 29
Prince William

Chuck
    $800 7
strontium

Chuck
    $800 24
Tulane

Jim
    $800 14
the Kansas-Nebraska Act

Erika
    $2,100 9
Journey to the Center of the Earth

Jim
    $1000 20
Bolivia

Jim
    $1000 30
(Princess) Anne

Chuck
    $1000 8
(Erika: What is the stamen?)

the stigma

ErikaJim
    $1000 25
Dartmouth College

Chuck
    $1,000 15
(Erika: Who is Gates?)

Cornwallis

Erika
    $1000 10
(Erika: What is the Red, The Web and the Rock?

Look Homeward, Angel

ErikaJim

Scores at the end of the Double Jeopardy! Round:

Erika Jim Chuck
$1,400 $7,600 $11,800

Final Jeopardy! Round responses

BODIES OF WATER
(Alex: [After the music ends] He may have been very thirsty at the time and tasted it and found out to his regret that it was not as good and as pure as he was hoping for.)
...
(Alex: The Gulf of California is an arm of the Pacific.)
ErikaWhat is the Indian Oce Arctic Ocean?
$1,342
JimWhat is the Gulf of California?
$1,000
ChuckWhat is the Gulf of California?
$3,401
the Great Salt Lake

Final scores:

Erika Jim Chuck
$58 $6,600 $8,399
3rd place: $1,000 if eliminated 2nd place: $1,000 if eliminated Automatic semifinalist

Game dynamics:

Coryat scores:

Erika Jim Chuck
$2,900 $6,300 $11,800
13 R,
6 W
(including 2 DDs)
15 R
(including 1 DD),
2 W
28 R,
1 W

Combined Coryat: $21,000

[game clues] [game scores] [suggest correction]

Game tape date: 1995-01-03
The J! Archive is created by fans, for fans. Scraping, republication, monetization, and malicious use prohibited; this site may use cookies and collect identifying information. See terms. The Jeopardy! game show and all elements thereof, including but not limited to copyright and trademark thereto, are the property of Jeopardy Productions, Inc. and are protected under law. This website is not affiliated with, sponsored by, or operated by Jeopardy Productions, Inc. Join the discussion at JBoard.tv.